[Event "130th YMCA Autumn B"]
[Site "Warszawa"]
[Date "2013.10.10"]
[Round "4"]
[White "Rozowski, Marcin"]
[Black "Potocki, Karol"]
[Result "1-0"]
[WhiteElo "1890"]
[BlackElo "1876"]
[PlyCount "135"]
[EventDate "2013.09.19"]
[EventType "tourn"]
[EventRounds "1"]
[EventCountry "POL"]
[SourceDate "2013.09.20"]

1. e4 e5 2. Nf3 Nc6 3. Bb5 a6 4. Bxc6 dxc6 5. O-O f6 6. d4 Bg4 7. dxe5 Qxd1 8.
Rxd1 fxe5 9. Be3 Nf6 10. Nbd2 Bd6 11. h3 Bh5 12. g4 Bf7 13. Nh4 O-O-O 14. Nf5
Bf8 15. Bg5 h6 16. Bh4 Re8 17. Re1 Nd7 18. Rad1 g6 19. Ne3 h5 20. Nf3 hxg4 21.
Nxg4 Be6 22. Kg2 Bd6 23. a3 Rh5 24. Bg3 Reh8 25. Rh1 b5 26. Rh2 c5 27. Rdh1 c4
28. Ne3 Nf6 29. Nd2 Kb7 30. c3 Bc5 31. Ng4 Nd7 32. Nf3 Bd6 33. Ne3 Nc5 34. Nd2
Nd3 35. Nd1 a5 36. h4 Ra8 37. Nf3 Bg4 38. Ng5 Bd7 39. Kf1 b4 40. axb4 axb4 41.
cxb4 Bxb4 42. Kg2 Ra2 43. Ne3 Nxb2 44. Nd5 Bd2 45. Nf3 Nd3 46. Nxd2 Rxd2 47.
Nf6 Ba4 48. Nxh5 gxh5 49. Rb1+ Kc6 50. Rhh1 c3 51. Ra1 Bb5 52. Kf3 Rb2 53. Ra3
Rc2 54. Ke3 Kc5 55. Ra5 Nb2 56. Bxe5 Kb4 57. Ra8 Nc4+ 58. Kf4 Nxe5 59. Kxe5
Rxf2 60. Raa1 c2 61. Kd4 Rd2+ 62. Ke3 Rd3+ 63. Kf4 Ra3 64. Rac1 Kc3 65. Rh3+
Kb2 66. Rxc2+ Kxc2 67. Rxa3 c5 68. Ra5 1-0

[Event "130th YMCA Autumn B"]
[Site "Warszawa"]
[Date "2013.10.17"]
[Round "5"]
[White "Safanowski, Tomasz"]
[Black "Szefer, Michal"]
[Result "1-0"]
[WhiteElo "1906"]
[BlackElo "1946"]
[PlyCount "85"]
[EventDate "2013.09.19"]
[EventType "tourn"]
[EventRounds "1"]
[EventCountry "POL"]
[SourceDate "2013.09.20"]

1. d4 Nf6 2. Nf3 g6 3. c4 c5 4. e3 Bg7 5. Be2 O-O 6. O-O d6 7. Nc3 Bf5 8. a3
Na6 9. Nh4 Bd7 10. Kh1 e5 11. dxe5 dxe5 12. e4 Nxe4 13. Nxe4 Qxh4 14. Qxd7 Qxe4
15. Be3 Rfd8 16. Qb5 Nc7 17. Qxc5 Ne6 18. Qe7 Nd4 19. Bxd4 Qxe2 20. Bxa7 Rd2
21. Rfe1 Qxc4 22. Qxb7 Rad8 23. Be3 R2d7 24. Qb6 Qc2 25. Rac1 Qa4 26. Qc6 Qxc6
27. Rxc6 e4 28. b4 Bb2 29. g4 Rd5 30. a4 Ra8 31. Rb1 Be5 32. b5 Rxa4 33. Rc8+
Kg7 34. b6 f5 35. gxf5 gxf5 36. b7 f4 37. Bb6 e3 38. fxe3 fxe3 39. Bc7 e2 40.
Bxe5+ Kf7 41. b8=Q Rd1+ 42. Kg2 Rg4+ 43. Kf3 1-0

[Event "130th YMCA Autumn B"]
[Site "Warszawa"]
[Date "2013.10.28"]
[Round "5"]
[White "Potocki, Karol"]
[Black "Praczukowski, Stanislaw"]
[Result "1/2-1/2"]
[WhiteElo "1876"]
[BlackElo "1862"]
[Annotator "Admin"]
[PlyCount "96"]
[EventDate "2013.09.19"]
[EventType "tourn"]
[EventRounds "1"]
[EventCountry "POL"]
[SourceDate "2013.09.20"]

1. c4 e5 2. g3 Nf6 3. Bg2 d5 4. cxd5 Nxd5 5. Nc3 Nb6 6. Nf3 Nc6 7. O-O Be7 8.
d3 O-O 9. a3 Re8 10. b4 Bf8 11. Bb2 Nd4 12. Nd2 c6 13. e3 Ne6 14. Nf3 Nc7 15.
Rc1 a5 16. Ne4 axb4 17. Nxe5 bxa3 18. Ba1 Ncd5 19. Qh5 g6 20. Qf3 Be6 21. h4
Nd7 22. Nc4 Qc7 23. Ng5 Bg7 24. Bxg7 Kxg7 25. Bh3 Ne5 26. Nxe5 Bxh3 27. Nxh3
Qxe5 28. Ng5 Qf6 29. Qe2 a2 30. Qd1 Nc3 31. Qc2 Ne2+ 32. Qxe2 a1=Q 33. Rxa1
Rxa1 34. Rxa1 Qxa1+ 35. Kg2 Qc3 36. h5 h6 37. Ne4 Rxe4 38. dxe4 b5 39. hxg6
fxg6 40. Qa2 Qc5 41. Qb2+ Kh7 42. Qf6 Qc4 43. e5 Qe4+ 44. Kf1 Qb1+ $11 45. Kg2
Qe4+ 46. Kf1 Qb1+ 47. Kg2 $11 Qe4+ 48. Kf1 Qb1+ 1/2-1/2

[Event "130th YMCA Autumn B"]
[Site "Warszawa"]
[Date "2013.10.16"]
[Round "5"]
[White "Koziol, Pawel"]
[Black "Rozowski, Marcin"]
[Result "0-1"]
[WhiteElo "1879"]
[BlackElo "1890"]
[PlyCount "122"]
[EventDate "2013.09.19"]
[EventType "tourn"]
[EventRounds "1"]
[EventCountry "POL"]
[SourceDate "2013.09.20"]

1. Nf3 d5 2. g3 Nf6 3. Bg2 Bf5 4. c4 c6 5. Qb3 Qb6 6. d3 e6 7. O-O Be7 8. Nc3
Nbd7 9. Be3 Qxb3 10. axb3 a6 11. Ra5 O-O 12. Rfa1 h6 13. h3 Rad8 14. Nd4 Bg6
15. Nc2 Rfe8 16. Na4 Bd6 17. Nb6 Bc7 18. Nxd7 Rxd7 19. R5a4 e5 20. Rc1 d4 21.
Bd2 e4 22. c5 exd3 23. exd3 Bxd3 24. Rxd4 Rxd4 25. Nxd4 Rd8 26. Bc3 Ne4 27. b4
Nxc3 28. bxc3 Be5 29. Rd1 Bc4 30. f4 Bf6 31. Kf2 Kf8 32. Bf3 Re8 33. Nf5 Bb3
34. Rc1 Be7 35. Re1 Bf6 36. Rxe8+ Kxe8 37. Nd6+ Kd7 38. c4 Bc3 39. b5 Bd4+ 40.
Ke1 axb5 41. cxb5 Bxc5 42. Nxb7 Bb4+ 43. Ke2 cxb5 44. Ke3 Kc7 45. Kd4 Be6 46.
Nc5 Bc8 47. g4 Kb6 48. Nd3 Be7 49. Bd5 f5 50. Ne5 Bf6 51. Bf3 Be6 52. Kd3 Bxe5
53. fxe5 fxg4 54. hxg4 Kc5 55. Ke3 b4 56. g5 hxg5 57. Be4 Kc4 58. Bf3 Kc3 59.
Be4 b3 60. Bb1 Kb2 61. Be4 Kc1 0-1

[Event "130th YMCA Autumn B"]
[Site "Warszawa"]
[Date "2013.10.17"]
[Round "5"]
[White "Borkowski, Adam"]
[Black "Kosiorek, Przemyslaw"]
[Result "1/2-1/2"]
[WhiteElo "1816"]
[BlackElo "1973"]
[PlyCount "50"]
[EventDate "2013.09.19"]
[EventType "tourn"]
[EventRounds "1"]
[EventCountry "POL"]
[SourceDate "2013.09.20"]

1. c4 Nf6 2. Nf3 d5 3. cxd5 Nxd5 4. Nc3 c5 5. e4 Nxc3 6. bxc3 g6 7. Bc4 Bg7 8.
O-O Nc6 9. h3 O-O 10. Qe2 Na5 11. Rd1 Nxc4 12. Qxc4 Qa5 13. d4 cxd4 14. cxd4
Be6 15. Bd2 Qh5 16. Qe2 Rfd8 17. Be3 b5 18. Rd2 Bc4 19. Qd1 Rd6 20. a4 a5 21.
axb5 Qxb5 22. Rb1 Qd7 23. Bf4 Rda6 24. Ne5 Bxe5 25. dxe5 Qe8 1/2-1/2

[Event "130th YMCA Autumn B"]
[Site "Warszawa"]
[Date "2013.10.17"]
[Round "5"]
[White "Jachimiak, Wojciech"]
[Black "Grabowicz, Marcin"]
[Result "0-1"]
[WhiteElo "1880"]
[BlackElo "1852"]
[PlyCount "90"]
[EventDate "2013.09.19"]
[EventType "tourn"]
[EventRounds "1"]
[EventCountry "POL"]
[SourceDate "2013.09.20"]

1. e4 e5 2. Nf3 Nc6 3. Bb5 a6 4. Ba4 Nf6 5. O-O Be7 6. Re1 b5 7. Bb3 O-O 8. c3
d5 9. exd5 Nxd5 10. Nxe5 Nxe5 11. Rxe5 c6 12. g3 Bd6 13. Re1 Qd7 14. Qf3 Re8
15. Re2 Rxe2 16. Qxe2 Bb7 17. d4 Re8 18. Qf1 c5 19. Nd2 Qc6 20. Bd1 Ne3 21. Bf3
Qxf3 22. Nxf3 Nxf1 23. Ne5 f6 24. dxc5 Bxe5 25. Kxf1 Bf3 26. Be3 Rd8 27. Ke1 b4
28. Rc1 bxc3 29. bxc3 Bxc3+ 30. Kf1 Rd1+ 31. Rxd1 Bxd1 32. f4 Kf7 33. Kf2 Ke6
34. h3 Kd5 35. g4 Bd4 36. Bxd4 Kxd4 37. c6 Ba4 38. c7 Bd7 39. Kf3 Bc6+ 40. Kg3
Bb7 41. h4 g6 42. h5 gxh5 43. gxh5 Ke4 44. Kg4 Bc8+ 45. Kg3 a5 0-1

[Event "130th YMCA Autumn B"]
[Site "Warszawa"]
[Date "2013.10.17"]
[Round "5"]
[White "Rusin, Ryszard"]
[Black "Barc, Michal"]
[Result "1/2-1/2"]
[WhiteElo "1898"]
[BlackElo "1841"]
[PlyCount "110"]
[EventDate "2013.09.19"]
[EventType "tourn"]
[EventRounds "1"]
[EventCountry "POL"]
[SourceDate "2013.09.20"]

1. d4 d5 2. c4 e6 3. Nf3 Nf6 4. Nc3 c6 5. e3 Be7 6. Bd3 dxc4 7. Bxc4 b5 8. Bd3
Bb7 9. a3 a6 10. O-O Nbd7 11. e4 c5 12. e5 Nd5 13. Nxd5 Bxd5 14. Be3 c4 15. Bc2
Nb6 16. Nd2 Rc8 17. Ne4 h5 18. Rc1 Bxe4 19. Bxe4 Nd5 20. Bd2 a5 21. Qe2 Qb6 22.
Bxd5 exd5 23. Be3 g6 24. f4 Qc6 25. f5 gxf5 26. Rf3 h4 27. Rcf1 Rh5 28. R3f2
Qg6 29. Qc2 Kd7 30. Bd2 b4 31. axb4 axb4 32. Bxb4 Bxb4 33. Qa4+ Qc6 34. Qxb4
Ke6 35. Ra1 Rhh8 36. Ra5 Rb8 37. Qd2 Rh5 38. Qd1 Rg5 39. Rc5 Qa6 40. Qf3 Rd8
41. Qc3 Rdg8 42. b4 Qa4 43. Qe1 Rg4 44. Ra5 Qb3 45. Ra6+ Ke7 46. Ra7+ Kf8 47.
Ra8+ Kg7 48. Rxg8+ Kxg8 49. e6 Re4 50. exf7+ Kxf7 51. Rxf5+ Kg6 52. Qf1 Qe3+
53. Kh1 Qe1 54. Rf6+ Kg7 55. Rf7+ Kg6 1/2-1/2

[Event "130th YMCA Autumn B"]
[Site "Warszawa"]
[Date "2013.10.24"]
[Round "6"]
[White "Barc, Michal"]
[Black "Rzepecka, Dorota"]
[Result "1-0"]
[WhiteElo "1841"]
[BlackElo "1829"]
[PlyCount "81"]
[EventDate "2013.09.19"]
[EventType "tourn"]
[EventRounds "1"]
[EventCountry "POL"]
[SourceDate "2013.09.20"]

1. d4 d5 2. Nf3 e6 3. Bf4 Nf6 4. e3 b6 5. Nbd2 Ba6 6. c4 dxc4 7. Bxc4 Bxc4 8.
Nxc4 Bb4+ 9. Ncd2 O-O 10. O-O Nbd7 11. Nc4 Nd5 12. Bg3 Be7 13. e4 N5f6 14. Qe2
Nh5 15. Rfd1 Nxg3 16. hxg3 Nf6 17. Nce5 Qe8 18. Rac1 c5 19. g4 cxd4 20. Rxd4
Bc5 21. Rdc4 Qb5 22. Qc2 Bd6 23. a4 Qe8 24. g5 Bxe5 25. Nxe5 Nd7 26. Nxd7 Qxd7
27. Rc7 Qd6 28. g3 Rfd8 29. Qc3 g6 30. Qf6 Qf8 31. Rb7 Rac8 32. Rxc8 Rxc8 33.
Rxa7 Rc1+ 34. Kg2 Rc4 35. Rd7 Rc8 36. Rb7 Rc6 37. Qf4 Qe8 38. b3 e5 39. Qd2 Qc8
40. Rd7 Kg7 41. Qd5 1-0

[Event "130th YMCA Autumn B"]
[Site "Warszawa"]
[Date "2013.10.21"]
[Round "6"]
[White "Grabowicz, Marcin"]
[Black "Rusin, Ryszard"]
[Result "1-0"]
[WhiteElo "1852"]
[BlackElo "1898"]
[Annotator "Admin"]
[PlyCount "95"]
[EventDate "2013.09.19"]
[EventType "tourn"]
[EventRounds "1"]
[EventCountry "POL"]
[SourceDate "2013.09.20"]

1. e4 e5 2. d4 exd4 3. c3 dxc3 4. Bc4 Bc5 5. Bxf7+ Kxf7 6. Qd5+ Kf8 7. Qxc5+ d6
8. Qxc3 Nc6 9. Nf3 h6 10. Be3 Qf6 11. Nd4 Qg6 12. Nd2 Bd7 13. O-O-O a6 14. f4
Nge7 15. g4 Nxd4 16. Bxd4 Nc6 17. Rhg1 Nxd4 18. Qxd4 c5 19. Qc3 b5 20. e5 b4
21. Qe3 Qe6 22. b3 Rc8 23. Nc4 d5 24. f5 Qc6 25. e6 Be8 26. Ne5 Qb7 27. Qf3 Qe7
28. Ng6+ Bxg6 29. fxg6+ Qf6 30. Qxd5 Qg5+ 31. Qxg5 hxg5 32. Rd7 c4 33. Rf1+ Ke8
34. Rf2 cxb3+ 35. Kb2 bxa2 36. Rxg7 Rc3 37. Kxa2 Rhh3 $11 38. Rd7 Ra3+ 39. Kb1
Rab3+ 40. Rb2 Rbe3 41. Rh7 Re1+ 42. Kc2 Rhe3 43. Rxb4 R1e2+ 44. Kb1 Re1+ 45.
Ka2 R1e2+ 46. Rb2 Rxe6 47. Rh8+ Kd7 48. g7 1-0

[Event "130th YMCA Autumn B"]
[Site "Warszawa"]
[Date "2013.10.24"]
[Round "6"]
[White "Kosiorek, Przemyslaw"]
[Black "Jachimiak, Wojciech"]
[Result "1/2-1/2"]
[WhiteElo "1973"]
[BlackElo "1880"]
[PlyCount "78"]
[EventDate "2013.09.19"]
[EventType "tourn"]
[EventRounds "1"]
[EventCountry "POL"]
[SourceDate "2013.09.20"]

1. e4 c5 2. c3 d5 3. exd5 Qxd5 4. d4 Nc6 5. Nf3 Bg4 6. Be2 e6 7. h3 Bh5 8. O-O
Nf6 9. Be3 cxd4 10. Nxd4 Bxe2 11. Qxe2 Nxd4 12. Bxd4 Be7 13. Rd1 Qc6 14. Rd3
Nd5 15. Bxg7 Rg8 16. Rg3 Nf4 17. Qg4 Bd6 18. Na3 Be5 19. Bxe5 Rxg4 20. Rxg4 Ng6
21. Rd1 f5 22. Rc4 Qb6 23. Rb4 Qa6 24. Rd6 b6 25. Rxe6+ Kf7 26. Rf6+ Ke7 27.
Rxf5 Ke6 28. g4 Qd3 29. Bg3 Rd8 30. Rc4 Qe2 31. Rc6+ Ke7 32. Rc7+ Ke8 33. Nb5
Rd1+ 34. Kh2 Qf1 35. Nd6+ Kd8 36. Nb7+ Ke8 37. Nd6+ Kd8 38. Nf7+ Ke8 39. Nd6+
Kd8 1/2-1/2

[Event "130th YMCA Autumn B"]
[Site "Warszawa"]
[Date "2013.10.24"]
[Round "6"]
[White "Rozowski, Marcin"]
[Black "Borkowski, Adam"]
[Result "0-1"]
[WhiteElo "1890"]
[BlackElo "1816"]
[PlyCount "84"]
[EventDate "2013.09.19"]
[EventType "tourn"]
[EventRounds "1"]
[EventCountry "POL"]
[SourceDate "2013.09.20"]

1. e4 c5 2. c3 Nc6 3. d4 cxd4 4. cxd4 d5 5. e5 Bf5 6. Nf3 e6 7. a3 Nge7 8. Nc3
Bg4 9. Be2 Nf5 10. Be3 Be7 11. O-O O-O 12. Na4 Bxf3 13. Bxf3 b5 14. Nc3 b4 15.
axb4 Bxb4 16. Qa4 Qb6 17. Ne2 a5 18. Rfd1 Rfc8 19. Bg4 Nce7 20. Rac1 Rxc1 21.
Nxc1 Rc8 22. Nd3 Qc6 23. Qxc6 Rxc6 24. Nxb4 axb4 25. Rd2 Rc1+ 26. Bd1 Nc6 27.
Rd3 Rb1 28. b3 Na5 29. g4 Nxe3 30. fxe3 Nc6 31. Kf2 Na7 32. Bf3 Nb5 33. e4 dxe4
34. Bxe4 Rb2+ 35. Kg3 Nc3 36. Bc6 g6 37. d5 exd5 38. Kf4 Rf2+ 39. Ke3 Rxh2 40.
Kd4 Rh4 41. Bxd5 Rxg4+ 42. Kc5 Nxd5 0-1

[Event "130th YMCA Autumn B"]
[Site "Warszawa"]
[Date "2013.10.24"]
[Round "6"]
[White "Safanowski, Tomasz"]
[Black "Potocki, Karol"]
[Result "1-0"]
[WhiteElo "1906"]
[BlackElo "1876"]
[PlyCount "113"]
[EventDate "2013.09.19"]
[EventType "tourn"]
[EventRounds "1"]
[EventCountry "POL"]
[SourceDate "2013.09.20"]

1. e4 e5 2. Nf3 Nc6 3. Bb5 a6 4. Bxc6 dxc6 5. d4 exd4 6. Qxd4 Qxd4 7. Nxd4 Bd7
8. Be3 O-O-O 9. O-O Ne7 10. Nc3 c5 11. Nf3 Ng6 12. Nd5 Re8 13. Rfe1 Bd6 14.
Rad1 Bc6 15. Ng5 Rhf8 16. Nb6+ Kb8 17. Nc4 Be7 18. Na5 h6 19. Nxc6+ bxc6 20.
Nf3 f5 21. exf5 Rxf5 22. c4 Kc8 23. Bd2 Rd8 24. Bc3 Rxd1 25. Rxd1 Bf6 26. Bxf6
Rxf6 27. Kf1 Rf4 28. b3 a5 29. Ke2 a4 30. g3 Rf8 31. bxa4 Re8+ 32. Kd3 Kb7 33.
Kc3 Rf8 34. Rd3 Ra8 35. Nd2 Rxa4 36. Rd7 Ne5 37. Rxg7 Rxa2 38. f4 Nf3 39. Nxf3
Ra3+ 40. Kd2 Rxf3 41. Re7 Ra3 42. Re4 Ra2+ 43. Ke3 Rxh2 44. f5 Rh5 45. Kf4 Rh1
46. Kg4 Kc8 47. f6 Kd7 48. Kf5 Rh5+ 49. Kg6 Rg5+ 50. Kxh6 Rxg3 51. f7 Rf3 52.
Kg7 Rg3+ 53. Kf8 Rf3 54. Re7+ Kd6 55. Ke8 Ra3 56. Rd7+ Ke6 57. f8=Q 1-0

[Event "130th YMCA Autumn B"]
[Site "Warszawa"]
[Date "2013.11.05"]
[Round "7"]
[White "Potocki, Karol"]
[Black "Szefer, Michal"]
[Result "0-1"]
[WhiteElo "1876"]
[BlackElo "1946"]
[PlyCount "82"]
[EventDate "2013.09.19"]
[EventType "tourn"]
[EventRounds "1"]
[EventCountry "POL"]
[SourceDate "2013.09.20"]

1. Nf3 d6 2. e4 Nf6 3. Nc3 c5 4. Bb5+ Bd7 5. Bxd7+ Qxd7 6. O-O Nc6 7. d4 cxd4
8. Nxd4 g6 9. Bg5 Bg7 10. Re1 O-O 11. Nxc6 Qxc6 12. Qd3 Rac8 13. Rad1 Rfe8 14.
Re2 Nd7 15. Nd5 Ne5 16. Qb3 Bf8 17. a4 h6 18. Bh4 g5 19. Bg3 Bg7 20. f4 Nc4 21.
fxg5 hxg5 22. Rf1 e6 23. Nf6+ Bxf6 24. Rxf6 Qb6+ 25. Qxb6 Nxb6 26. Bxd6 Red8
27. Bg3 Nxa4 28. c3 Rd1+ 29. Kf2 Rb1 30. Be5 Rxb2 31. Rxb2 Nxb2 32. Ke2 Nc4 33.
Bd4 b6 34. e5 a5 35. Kd3 a4 36. Rf1 b5 37. Rb1 a3 38. Ra1 Kg7 39. g4 Ra8 40.
Ra2 Rh8 41. Ke4 Rh3 0-1

[Event "130th YMCA Autumn B"]
[Site "Warszawa"]
[Date "2013.10.31"]
[Round "7"]
[White "Koziol, Pawel"]
[Black "Safanowski, Tomasz"]
[Result "0-1"]
[WhiteElo "1879"]
[BlackElo "1906"]
[PlyCount "74"]
[EventDate "2013.09.19"]
[EventType "tourn"]
[EventRounds "1"]
[EventCountry "POL"]
[SourceDate "2013.09.20"]

1. d4 d6 2. Nf3 Nf6 3. c4 Nbd7 4. Nc3 e5 5. e4 c6 6. Be2 g6 7. O-O Bg7 8. Re1
O-O 9. Bf1 Re8 10. d5 Nc5 11. Rb1 cxd5 12. cxd5 Bg4 13. h3 Bxf3 14. Qxf3 Re7
15. Bg5 Rd7 16. b4 Na6 17. Rec1 Rc7 18. a3 h6 19. Bd2 Ne8 20. g3 Rac8 21. Kh2
Nb8 22. h4 Nd7 23. Bh3 h5 24. Rg1 Bh6 25. Be1 a6 26. Nd1 Qf6 27. Kg2 Qxf3+ 28.
Kxf3 Nef6 29. Ne3 Bxe3 30. Kxe3 Rc2 31. f3 Ra2 32. Rb3 Rc1 33. Rd3 Nb6 34. f4
Nc4+ 35. Kf3 Raa1 36. Ke2 Nxe4 37. Rf3 f5 0-1

[Event "130th YMCA Autumn B"]
[Site "Warszawa"]
[Date "2013.10.31"]
[Round "7"]
[White "Borkowski, Adam"]
[Black "Praczukowski, Stanislaw"]
[Result "1/2-1/2"]
[WhiteElo "1816"]
[BlackElo "1862"]
[PlyCount "74"]
[EventDate "2013.09.19"]
[EventType "tourn"]
[EventRounds "1"]
[EventCountry "POL"]
[SourceDate "2013.09.20"]

1. d4 Nf6 2. c4 e6 3. Nc3 Bb4 4. Nf3 d5 5. Bg5 O-O 6. e3 c5 7. Be2 cxd4 8. Qxd4
Nc6 9. Qh4 Be7 10. cxd5 exd5 11. O-O h6 12. Bxf6 Bxf6 13. Qh5 Be6 14. Rfd1 Bxc3
15. bxc3 Qa5 16. Nd4 Nxd4 17. cxd4 Rac8 18. Bd3 Qa3 19. Qe2 Rc3 20. h3 a6 21.
e4 Rfc8 22. exd5 Bxd5 23. Bf5 Rd8 24. Be4 Qd6 25. Qb2 Rc7 26. Bxd5 Qxd5 27. Rd2
Rc4 28. Re1 b5 29. Re5 Qd6 30. d5 Rb4 31. Qa1 Rc8 32. Qe1 Rbc4 33. Re8+ Rxe8
34. Qxe8+ Kh7 35. g3 Rc1+ 36. Kg2 Qb4 37. Qe2 Qd6 1/2-1/2

[Event "130th YMCA Autumn B"]
[Site "Warszawa"]
[Date "2013.09.31"]
[Round "7"]
[White "Jachimiak, Wojciech"]
[Black "Rozowski, Marcin"]
[Result "1/2-1/2"]
[WhiteElo "1880"]
[BlackElo "1890"]
[Annotator "Admin"]
[PlyCount "94"]
[EventDate "2013.09.19"]
[EventType "tourn"]
[EventRounds "1"]
[EventCountry "POL"]
[SourceDate "2013.09.20"]

1. d4 d5 2. c4 c6 3. Nf3 Nf6 4. Bf4 dxc4 5. a4 a6 6. Nc3 Nd5 7. Bd2 Nd7 8. a5
e6 9. e4 Nxc3 10. Bxc3 Be7 11. Bxc4 O-O 12. b4 b6 13. axb6 Qxb6 14. Rb1 Rd8 15.
Qc2 Qc7 16. O-O Rb8 17. Rfd1 Bb7 18. h4 Qf4 19. Qe2 Nf6 20. Bd3 Ne8 21. g3 Qg4
22. Qe3 Qg6 23. Ne5 Qh6 24. Qf3 Qf6 25. Qe2 Bf8 26. Ng4 Qe7 27. Bxa6 Nc7 28.
Bc4 Nb5 29. Bxb5 cxb5 30. Re1 Qc7 31. Rbc1 Qb6 32. Ne5 Rbc8 33. h5 Rxc3 34.
Rxc3 Bxb4 35. Rd3 Bxe1 36. Qxe1 Rxd4 37. Qe3 Rxe4 38. Qd2 Bd5 39. Rxd5 exd5 40.
Qxd5 Re1+ 41. Kg2 Qb8 42. Nxf7 Kf8 43. Nd8 Ke8 44. Ne6 Rxe6 45. Qxe6+ Kf8 46.
h6 Qb7+ 47. Kg1 gxh6 $11 1/2-1/2

[Event "130th YMCA Autumn B"]
[Site "Warszawa"]
[Date "2013.10.31"]
[Round "7"]
[White "Rusin, Ryszard"]
[Black "Kosiorek, Przemyslaw"]
[Result "1/2-1/2"]
[WhiteElo "1898"]
[BlackElo "1973"]
[PlyCount "78"]
[EventDate "2013.09.19"]
[EventType "tourn"]
[EventRounds "1"]
[EventCountry "POL"]
[SourceDate "2013.09.20"]

1. d4 d5 2. Nf3 Nf6 3. Bf4 Bf5 4. e3 e6 5. Be2 c5 6. dxc5 Bxc5 7. Nh4 Be4 8.
Nd2 O-O 9. Nhf3 Qb6 10. Nb3 Rc8 11. c3 Bd6 12. Bxd6 Qxd6 13. O-O Nbd7 14. Rc1
Ne5 15. Nxe5 Qxe5 16. f4 Qd6 17. Bf3 b5 18. Qe2 b4 19. Bxe4 Nxe4 20. cxb4 Qxb4
21. Qa6 Nd6 22. Nd4 Rxc1 23. Rxc1 Qd2 24. Rc3 Nc4 25. Nf3 Qxb2 26. Rb3 Qc1+ 27.
Kf2 h6 28. Qb7 Qc2+ 29. Kg3 Qg6+ 30. Kf2 Qc2+ 31. Kf1 Qc1+ 32. Kf2 Qc2+ 33. Kg3
Qg6+ 34. Kh3 Rd8 35. Qxa7 Qh5+ 36. Kg3 Qg6+ 37. Kf2 Qc2+ 38. Kg3 Qg6+ 39. Kh3
Qh5+ 1/2-1/2

[Event "130th YMCA Autumn B"]
[Site "Warszawa"]
[Date "2013.10.22"]
[Round "7"]
[White "Sawicki, Wojciech"]
[Black "Barc, Michal"]
[Result "0-1"]
[WhiteElo "1845"]
[BlackElo "1841"]
[PlyCount "136"]
[EventDate "2013.09.19"]
[EventType "tourn"]
[EventRounds "1"]
[EventCountry "POL"]
[SourceDate "2013.09.20"]

1. e4 c5 2. d4 g6 3. dxc5 Qa5+ 4. Nc3 Bg7 5. Nge2 Nf6 6. Qd3 a6 7. Be3 Nc6 8.
Nd4 Nb4 9. Qd2 Nxe4 10. Nxe4 Bxd4 11. Bxd4 Nxc2+ 12. Kd1 Qxd2+ 13. Kxd2 Nxd4
14. Bc4 O-O 15. Rhe1 Rb8 16. Nc3 e6 17. Na4 d6 18. Kc3 dxc5 19. Nxc5 Nc6 20.
Rad1 b5 21. Rd6 Ne7 22. Bb3 a5 23. a3 Nf5 24. Rd2 Bb7 25. Nxb7 Rxb7 26. Bd1
Rc7+ 27. Kb3 Rc1 28. Re5 Rb8 29. Be2 b4 30. Rxa5 bxa3+ 31. Ka2 axb2 32. Rxb2
Rxb2+ 33. Kxb2 Re1 34. Bd3 Rh1 35. h3 Rh2 36. Be4 Nd6 37. Ra8+ Kg7 38. Bf3 Nf5
39. Ra4 g5 40. Rg4 Kg6 41. Be4 h5 42. Rg3 Kf6 43. Rc3 Nd6 44. Bc6 Kg6 45. Kc2
f5 46. Kd2 f4 47. Ke2 g4 48. hxg4 hxg4 49. Rd3 Nf5 50. Be4 Kf6 51. Bxf5 Kxf5
52. Kf1 Rh1+ 53. Ke2 Rg1 54. g3 f3+ 55. Kd2 Rf1 56. Ke3 Re1+ 57. Kd4 Re2 58.
Re3 Rxf2 59. Re5+ Kf6 60. Re4 e5+ 61. Kd3 Kf5 62. Re1 Rg2 63. Ke3 Rxg3 64. Kf2
Rg2+ 65. Kf1 Kf4 66. Ra1 Rh2 67. Kg1 g3 68. Ra4+ e4 0-1

[Event "130th YMCA Autumn B"]
[Site "Warszawa"]
[Date "2013.11.07"]
[Round "8"]
[White "Szefer, Michal"]
[Black "Barc, Michal"]
[Result "1/2-1/2"]
[WhiteElo "1946"]
[BlackElo "1841"]
[PlyCount "79"]
[EventDate "2013.09.19"]
[EventType "tourn"]
[EventRounds "1"]
[EventCountry "POL"]
[SourceDate "2013.09.20"]

1. e4 d6 2. d4 Nf6 3. Nc3 c6 4. f4 Qa5 5. Bd3 e5 6. dxe5 dxe5 7. f5 Na6 8. Bd2
Nc5 9. Qe2 Nxd3+ 10. Qxd3 Qc7 11. Qg3 b6 12. Nf3 Nd7 13. O-O-O Ba6 14. Be3
O-O-O 15. Ng5 Bc4 16. Nb1 h6 17. Nf3 f6 18. Nh4 Bc5 19. Rd2 Bxa2 20. Nc3 Bc4
21. Rhd1 Bxe3 22. Qxe3 Nc5 23. b3 Rxd2 24. Kxd2 Rd8+ 25. Ke1 Rxd1+ 26. Nxd1 Bf7
27. Nc3 a5 28. Nf3 Qd6 29. Nd2 Qd4 30. Qg3 Bh5 31. Qh3 Be8 32. Ne2 Qd7 33. Qe3
Kb7 34. Nc4 Qe7 35. Nc3 Bf7 36. Nxb6 Kxb6 37. Na4+ Kb5 38. Qe2+ Kb4 39. Qd2+
Kb5 40. Qe2+ 1/2-1/2

[Event "130th YMCA Autumn B"]
[Site "Warszawa"]
[Date "2013.11.06"]
[Round "8"]
[White "Grabowicz, Marcin"]
[Black "Sawicki, Wojciech"]
[Result "1/2-1/2"]
[WhiteElo "1852"]
[BlackElo "1845"]
[Annotator "Admin"]
[PlyCount "200"]
[EventDate "2013.09.19"]
[EventType "tourn"]
[EventRounds "1"]
[EventCountry "POL"]
[SourceDate "2013.09.20"]

1. e4 e5 2. Nf3 Nc6 3. Bb5 a6 4. Ba4 Nf6 5. O-O Be7 6. d3 b5 7. Bb3 O-O 8. c3
d5 9. Bg5 dxe4 10. Bxf6 Bxf6 11. dxe4 Na5 12. Nbd2 Nxb3 13. Nxb3 Be6 14. Qc2
Qe7 15. Rfd1 $11 Rfd8 16. a3 c5 17. Rxd8+ Rxd8 18. Rd1 c4 19. Nc1 Rd6 20. Kf1
Qd7 21. Rxd6 Qxd6 22. Qd2 Qxd2 23. Nxd2 Kf8 24. Ne2 Ke7 25. Ng3 Bg5 26. Ke2 g6
27. Ngf1 Kd6 28. Ne3 f5 29. f3 Kc5 30. h3 h5 31. exf5 gxf5 32. g4 hxg4 33. fxg4
Bxe3 34. Kxe3 fxg4 35. Ne4+ Kc6 36. hxg4 Bxg4 37. Ng3 Kd5 38. Nf1 Bf5 39. Nd2
Bd3 40. Nf3 Ke6 41. Ne1 Kf5 42. Nf3 Bc2 43. Nh4+ Kg5 44. Nf3+ Kf6 45. Nd2 Bg6
46. Nf3 Be8 47. Ne1 Bc6 48. Nc2 Kf5 49. Nb4 Bb7 50. Nc2 Kg4 51. Nb4 Kg3 52. Nc2
Kg2 53. Ke2 Be4 54. Nb4 Bb7 55. Nc2 Kg1 56. Ne3 Be4 57. Ke1 Bf3 58. a4 Kh2 59.
axb5 axb5 60. Nf5 Kh3 61. Nd6 Bc6 62. Nf7 e4 63. Ke2 Bd5 64. Nd6 Bc6 65. Ke3
Kg2 66. Nxe4 Kf1 67. Kd4 Ke2 68. Nd6 Kd2 69. Nxc4+ Kc2 70. Ne5 Be8 71. b4 Kb3
72. Nd3 Bh5 73. Nc5+ Kb2 74. Ne4 Be2 75. Nd6 Kb3 76. Kc5 Kxc3 77. Nxb5+ Kb2 78.
Nd4 Bf1 79. Nf5 Kb3 80. Ng3 Bd3 81. Nh5 Be2 82. Nf4 Bf1 83. Ne6 Bd3 84. Nd4+
Ka4 85. Nc6 Bf1 86. Na5 Bb5 87. Nc4 Ba6 88. Nb6+ Kb3 89. Nd5 Be2 90. Ne3 Bd3
91. Ng2 Bf1 92. Ne1 Be2 93. Ng2 Bf1 94. Nf4 Ba6 95. Nd5 Be2 96. Nc7 Bd3 97. Nb5
Bf1 98. Nd4+ Ka4 99. Nc2 Kb3 100. Ne3 Be2 1/2-1/2

[Event "130th YMCA Autumn B"]
[Site "Warszawa"]
[Date "2013.11.07"]
[Round "8"]
[White "Rozowski, Marcin"]
[Black "Rusin, Ryszard"]
[Result "0-1"]
[WhiteElo "1890"]
[BlackElo "1898"]
[PlyCount "98"]
[EventDate "2013.09.19"]
[EventType "tourn"]
[EventRounds "1"]
[EventCountry "POL"]
[SourceDate "2013.09.20"]

1. e4 e5 2. Nf3 Nf6 3. Nxe5 d6 4. Nf3 Nxe4 5. Nc3 Nf6 6. d4 Be7 7. Bd3 d5 8.
Bf4 O-O 9. h3 c5 10. dxc5 Bxc5 11. O-O Nc6 12. Bg5 Be6 13. Ne2 h6 14. Bh4 g5
15. Bg3 Ne4 16. Bh2 Qb6 17. Bxe4 dxe4 18. Ne5 Rad8 19. Qe1 Nxe5 20. Bxe5 f6 21.
Bc3 Qc7 22. Rd1 f5 23. Kh1 Bc4 24. Rxd8 Rxd8 25. Rg1 f4 26. a3 Qd7 27. Nxf4 Qf5
28. Nh5 Qxf2 29. Nf6+ Kf7 30. Nxe4 Qxg1+ 31. Qxg1 Bxg1 32. Kxg1 Bd5 33. Nc5 b6
34. Nd3 Ke6 35. Ne5 Be4 36. Ng4 h5 37. Ne3 Rf8 38. Bd4 Rf7 39. c3 b5 40. Bc5 a5
41. Bb6 a4 42. Bd4 Bd3 43. Bh8 Rf4 44. Bd4 Bc4 45. Bb6 Be2 46. Bc7 Rf7 47. Bb6
Ke5 48. Bd4+ Ke4 49. Kh2 Bc4 0-1